| 000 -LEADER |
| fixed length control field |
00670nam a2200241Ia 4500 |
| 001 - CONTROL NUMBER |
| control field |
11048 |
| 003 - CONTROL NUMBER IDENTIFIER |
| control field |
GE_BSU |
| 008 - FIXED-LENGTH DATA ELEMENTS--GENERAL INFORMATION |
| fixed length control field |
181216s||||||||xx |||||||||||||| ||und|| |
| 020 ## - INTERNATIONAL STANDARD BOOK NUMBER |
| International Standard Book Number |
9785388001696 |
| 040 ## - CATALOGING SOURCE |
| Transcribing agency |
GE_BSU |
| 080 ## - UNIVERSAL DECIMAL CLASSIFICATION NUMBER |
| Universal Decimal Classification number |
316.(075) |
| 100 ## - MAIN ENTRY--PERSONAL NAME |
| Personal name |
Назаренко,С.В. |
| 245 ## - TITLE STATEMENT |
| Title |
Социология:Учебное пособие. |
| 245 ## - TITLE STATEMENT |
| Statement of responsibility, etc. |
Вед.ред.Н.Кулагина;худ.С.Маликова. |
| 250 ## - EDITION STATEMENT |
| Edition statement |
2-е изд. |
| 260 ## - PUBLICATION, DISTRIBUTION, ETC. |
| Place of publication, distribution, etc. |
Москва |
| 260 ## - PUBLICATION, DISTRIBUTION, ETC. |
| Name of publisher, distributor, etc. |
Питер. |
| 260 ## - PUBLICATION, DISTRIBUTION, ETC. |
| Date of publication, distribution, etc. |
2009. |
| 300 ## - PHYSICAL DESCRIPTION |
| Extent |
496стр,илл,22см. |
| 653 ## - INDEX TERM--UNCONTROLLED |
| Uncontrolled term |
Социология:Учебное пособие. |
| 942 ## - ADDED ENTRY ELEMENTS (KOHA) |
| Koha item type |
წიგნი |